[Event "Biel"]
[Site "Biel"]
[Date "1992.??.??"]
[Round "6"]
[White "Shirov, Alexei"]
[Black "Karpov, Anatoly"]
[Result "0-1"]
[WhiteElo "2710"]
[BlackElo "2715"]
[Annotator "Ftacnik,L"]
[PlyCount "78"]
[EventDate "1992.07.??"]
[EventType "tourn"]
[EventRounds "14"]
[EventCountry "SUI"]
[EventCategory "16"]
[SourceTitle "CBM 031"]
[Source "ChessBase"]
[SourceDate "1992.12.01"]
[SourceVersion "1"]
[SourceVersionDate "1992.12.01"]
[SourceQuality "1"]

1. d4 Nf6 2. c4 e6 3. Nc3 Bb4 4. f3 d5 5. a3 Bxc3+ 6. bxc3 c5 7. cxd5 Nxd5 8.
Qd3 b6 9. e4 Ba6 10. Qd2 (10. c4 $5 {Karpov,An}) 10... Bxf1 11. Kxf1 Ne7 12.
Ne2 Nbc6 13. dxc5 Qc7 14. Qf4 (14. Qd6 Qxd6 15. cxd6 Nc8 16. Nd4 Nxd4 17. cxd4
Nxd6 $10) 14... e5 15. Qg4 O-O 16. Kf2 (16. Bh6 Ng6 17. Be3 Na5 $44) 16... Na5
17. cxb6 Qxb6+ $1 (17... axb6 18. Rd1 Rad8 19. Rxd8 Rxd8 20. Bg5 $1 $132) 18.
Be3 Qc6 $1 19. Rhd1 (19. Rhe1 $15) 19... Nc4 20. Bg5 (20. Rd3 Rad8 21. Rad1
Nxe3 22. Kxe3 Qb6+ 23. Kd2 Rxd3+ 24. Kxd3 Qb3 $19) (20. Qd7 Nxe3 21. Kxe3 Qc5+
$19) 20... f6 21. Bc1 Qb6+ $1 (21... Rad8 22. Rxd8 Rxd8 23. Rb1 $132) 22. Kg3 (
22. Ke1 Rad8 23. Rxd8 Rxd8 24. Bh6 Ng6 25. Rd1 Rxd1+ 26. Kxd1 Qb3+ 27. Ke1 gxh6
28. Qe6+ Kg7 29. Qd7+ Kf8 $19) 22... f5 $1 23. exf5 Nxf5+ 24. Kh3 Nce3 25. Bxe3
Nxe3 26. Qe4 Qe6+ (26... Nf5 27. g3 (27. g4 Qh6+ 28. Kg2 Nh4+ 29. Kh1 Nxf3 $19)
27... Qh6+ 28. Kg2 Ne3+ 29. Kg1 Nxd1 30. Rxd1 $15) 27. Kg3 Nxd1 28. Rxd1 Rad8
29. Re1 (29. Rxd8 Rxd8 $19) 29... Qf5 30. Qxf5 Rxf5 31. Kf2 Rd2 32. Rb1 Ra2 33.
Rb5 (33. Rb3 e4 $19) 33... Rxa3 34. c4 Rf6 $1 35. Rxe5 (35. Ng3 Rb6 36. Rxe5
Rb2+ $19) 35... Rc6 36. c5 Ra5 37. Re7 Rcxc5 38. Nf4 Re5 39. Rc7 Ra4 {Ftacnik,L
} 0-1

[Event "Daugavpils"]
[Site "Daugavpils"]
[Date "1990.??.??"]
[Round "?"]
[White "Shirov, Alexei"]
[Black "Unzicker, Wolfgang"]
[Result "1-0"]
[WhiteElo "2500"]
[BlackElo "2475"]
[Annotator "Ftacnik,L"]
[PlyCount "75"]
[EventDate "1990.02.??"]
[EventType "tourn"]
[EventRounds "9"]
[EventCountry "LAT"]
[EventCategory "8"]
[SourceTitle "CBM 017"]
[Source "ChessBase"]
[SourceDate "1990.08.01"]
[SourceVersion "1"]
[SourceVersionDate "1990.08.01"]
[SourceQuality "1"]

1. d4 Nf6 2. c4 e6 3. Nc3 Bb4 4. f3 d5 5. a3 Bxc3+ 6. bxc3 c5 7. cxd5 Nxd5 8.
Qd3 cxd4 9. cxd4 Nc6 10. e4 Nb6 11. Be3 O-O 12. Be2 f5 13. Rd1 Kh8 (13... Bd7
14. Nh3 fxe4 15. Qxe4 Nd5 16. Ng5 Nf6 17. Qd3 Qa5+ 18. Rd2 Ne7 19. O-O Rac8 20.
Rb2 b6 21. Bd2 Qd5 22. Bd1 Nc6 23. Be3 Ne5 24. Qe2 Nc4 25. Bb3 b5 $10 {Heyken,
E-Petran,Pa/Budapest Elekes/1989/ ->CBM 14}) 14. Nh3 fxe4 15. Qxe4 Nd5 16. Ng5
Nf6 17. Qd3 Qa5+ 18. Rd2 h6 $6 (18... Bd7 {/\ Rac8}) 19. Ne4 Ne7 20. Bf4 Ned5
21. Bd6 Rf7 22. O-O Bd7 23. Rc2 Bc6 24. Be5 $14 Raf8 25. Nc5 Re8 26. f4 Qd8 27.
Qh3 Qe7 28. Bd3 b6 29. Nb3 Ba4 $2 30. Bg6 $18 Rff8 31. Bxe8 Rxe8 32. Ra2 Rc8
33. Rc1 Qe8 34. Raa1 Bc6 35. Nd2 Nh5 36. Rf1 Bb7 37. Ne4 Kg8 38. Nd6 {Ftacnik,L
} 1-0

[Event "FRA-NED"]
[Site "Cannes"]
[Date "1990.??.??"]
[Round "7"]
[White "Ligterink, Gert"]
[Black "Miralles, Gilles"]
[Result "1/2-1/2"]
[WhiteElo "2410"]
[BlackElo "2460"]
[Annotator "Ftacnik,L"]
[PlyCount "112"]
[EventDate "1990.02.??"]
[EventType "schev"]
[EventRounds "10"]
[EventCountry "FRA"]
[SourceTitle "CBM 018"]
[Source "ChessBase"]
[SourceDate "1990.10.01"]
[SourceVersion "1"]
[SourceVersionDate "1990.10.01"]
[SourceQuality "1"]

1. d4 Nf6 2. c4 e6 3. Nc3 Bb4 4. a3 Bxc3+ 5. bxc3 c5 6. f3 d5 7. cxd5 Nxd5 8.
dxc5 f5 9. Nh3 O-O 10. c4 Qh4+ 11. Nf2 Nf6 12. e3 Nc6 13. Be2 Rd8 (13... e5 14.
O-O Be6 15. Rb1 Rf7 16. Qa4 Raf8 $13 {Gutman-Dzhanoev/USSR/1972/}) 14. Qc2 Nd7
15. O-O Nxc5 16. Bb2 b6 (16... e5 17. Nd3 Qe7 18. Rad1 b6 19. Nb4 $36) 17. Nd3
$1 Qh6 18. f4 $8 Ne4 (18... Nxd3 19. Bxd3 Bb7 20. c5 $40) (18... Bb7 19. Nxc5
bxc5 20. Bf3) 19. Rf3 Qh4 (19... Bb7 $2 20. Rh3 Qg6 21. Bh5 Qh6 22. Bf7+ $18)
20. Rh3 Qe7 21. Bf3 e5 $5 (21... Bb7 22. Bxe4 fxe4 23. Ne5 {/\ Rg3, x g7}) 22.
Nxe5 (22. fxe5 Be6 {/\ Rac8 <=>}) 22... Nxe5 23. Bxe5 (23. Bxe4 $2 fxe4 24.
Bxe5 Bxh3) 23... Bb7 24. Bxe4 Bxe4 25. Qb2 Rdc8 (25... Rac8 26. Rg3 g6 27. Bf6)
26. Bxg7 $1 (26. Rg3 g6 27. Rc1 $16) 26... Rxc4 27. Bh6 $2 (27. Bf6 Qe6 28.
Rg3+ Kf7 (28... Kf8 29. Bh4 $18) 29. Rg7+ Kf8 30. Be7+ Ke8 31. Bh4 $18) 27...
Rc6 $8 28. Rg3+ Rg6 29. Rxg6+ hxg6 30. Rd1 Rc8 31. h3 Kh7 (31... Rc2 $2 32.
Rd8+ $1 Kf7 33. Qg7+ Ke6 34. Qxg6+ $18) 32. Bg5 Qf7 (32... Qe6) 33. Rd2 Qe6 34.
Bf6 Rc2 $1 35. Rxc2 (35. Rd8 g5 $8) 35... Bxc2 36. Qxc2 (36. Be5 Be4 $14) 36...
Qxf6 37. Qc7+ Kh6 38. Qxa7 Qe6 39. Qb8 (39. Kf2 Qa2+ 40. Kg3 Qe6) 39... Qxe3+
40. Kh2 Kh7 41. Qd6 Qf2 42. Qe7+ Kg8 43. Qg5 Kf7 44. Qg3 (44. h4 Qe2) 44... Qd4
45. h4 Qd1 46. Qe3 Qg4 47. g3 (47. Qxb6 Qxh4+ 48. Kg1 Qe1+ $10) 47... Qd1 48.
Qxb6 Qe2+ 49. Kg1 Qe1+ 50. Kg2 Qe4+ 51. Kf2 Qc2+ 52. Kg1 Qc1+ 53. Kh2 Qxa3 54.
Qc7+ Qe7 $1 55. Qc4+ (55. Qxe7+ Kxe7 56. Kh3 Kf6 (56... Ke6 $2 57. h5 gxh5 58.
Kh4 $18) 57. Kg2 Ke6 58. Kf3 Kd5 59. Ke3 Ke6 (59... Kc4) 60. Kd3 Kd7 $1 61. Kc4
Kc6 62. Kd4 Kd6 $10) 55... Qe6 56. Qd3 Kg7 {Ftacnik,L} 1/2-1/2

[Event "URS-ch58"]
[Site "Moscow"]
[Date "1991.??.??"]
[Round "3"]
[White "Yakovich, Yuri"]
[Black "Serper, Grigory"]
[Result "1-0"]
[WhiteElo "2560"]
[BlackElo "2490"]
[Annotator "Ftacnik,L"]
[PlyCount "55"]
[EventDate "1991.11.??"]
[EventType "swiss"]
[EventRounds "11"]
[EventCountry "URS"]
[SourceTitle "URS-ch"]
[Source "ChessBase"]
[SourceDate "1999.07.01"]
[SourceVersion "1"]
[SourceVersionDate "1999.07.01"]
[SourceQuality "1"]

1. d4 Nf6 2. c4 e6 3. Nc3 Bb4 4. f3 d5 5. a3 Bxc3+ 6. bxc3 c5 7. cxd5 Nxd5 8.
Qd3 O-O (8... cxd4 9. cxd4 Nc6 10. e4 Nb6 11. Be3 O-O 12. Be2 f5) 9. e4 Ne7 10.
a4 (10. Nh3 Nbc6 11. Be3 Qa5 12. Kf2 Rd8 13. Be2 $6 (13. Qc4 cxd4 14. cxd4 Nxd4
$1 15. Bxd4 Qd2+) (13. Rd1 Qxa3 14. Qc2 $132) 13... cxd4 14. cxd4 Nxd4 15. Bxd4
Qa4 $1 16. Qc4 Qxc4 17. Bxc4 Rxd4 18. Rhd1 $15 {Shirov,A-Budnikov,A/URS-ch58/
1991/ ->CBM 27}) (10. f4 b6 11. Qe3 Ba6 12. Bxa6 Nxa6 13. Nf3 cxd4 14. cxd4 Nc7
15. a4 f5 16. Ba3 $14 {Shirov,A-Chandler,M/Hastings/1991/ ->CBM 27}) 10... Nbc6
(10... Qa5 11. Bd2) 11. Ba3 cxd4 (11... b6 12. dxc5 Qxd3 13. Bxd3 $14) 12. cxd4
Qc7 (12... Nxd4 $2 13. Bxe7 Qxe7 14. Qxd4 $18) (12... Qa5+ 13. Qd2 Qxa4 (13...
Qxd2+ 14. Kxd2 Rd8 15. Ne2 Nxd4 $2 16. Bxe7 $18) 14. Ne2 $40) 13. Qc3 $1 f5 14.
Bd3 fxe4 15. Bxe4 Rd8 16. Ne2 Nd5 17. Qd3 Nf6 (17... g6 18. O-O $16) 18. O-O
Bd7 19. Rac1 Be8 (19... Qa5 20. Bxc6 Bxc6 21. Be7 Rd7 22. Bxf6 gxf6 23. Qe3 $40
) 20. Qe3 Nxe4 21. fxe4 Bh5 (21... Bf7 22. Rf2 Qa5 23. Rcf1 $16) 22. Nf4 Bf7
23. d5 $1 exd5 24. exd5 Qe5 (24... Bxd5 25. Nxd5 Rxd5 26. Qe6+ $18) 25. Qf2
Bxd5 (25... Na5 26. Bb2 $40) 26. Rc5 Ne7 (26... b6 27. Rxd5 Rxd5 28. Nxd5 Qxd5
29. Qf8+ $1) 27. Bb2 Qf5 (27... Qg5 28. Nxd5 Nxd5 29. Qf7+ Kh8 30. Rxd5 $18) (
27... Qd6 28. Nxd5 $18) 28. Qg3 {Ftacnik,L} (28. Qg3 g6 29. Nxd5 $18) 1-0

[Event "Moscow5"]
[Site "Moscow"]
[Date "1991.??.??"]
[Round "?"]
[White "Moskalenko, Viktor"]
[Black "Naumkin, Igor"]
[Result "1-0"]
[WhiteElo "2480"]
[BlackElo "2490"]
[Annotator "Ftacnik,L"]
[PlyCount "95"]
[EventDate "1991.05.??"]
[EventType "tourn"]
[EventRounds "11"]
[EventCountry "URS"]
[EventCategory "10"]
[SourceTitle "CBM 026"]
[Source "ChessBase"]
[SourceDate "1992.02.01"]
[SourceVersion "1"]
[SourceVersionDate "1992.02.01"]
[SourceQuality "1"]

1. d4 Nf6 2. c4 e6 3. Nc3 Bb4 4. f3 d5 5. a3 Bxc3+ 6. bxc3 c5 7. cxd5 Nxd5 8.
dxc5 f5 9. c4 Qf6 (9... Qh4+ 10. g3 Qxc4 11. e4 Qc3+ 12. Bd2 Qe5) 10. Bg5 (10.
Bd2 Ne7 11. Nh3 Nbc6 $13) 10... Qxg5 11. cxd5 exd5 (11... O-O 12. Nh3 Qf6 13.
e3 Qc3+ 14. Kf2 Qxc5 15. dxe6 Bxe6 16. Nf4 $10 {Bondarevsky-Furman/URS/1958/})
12. Nh3 $5 {N} (12. Qxd5 Qf6 13. Rc1 Nc6 $44) 12... Qf6 (12... Qe3 $5 13. Rc1
Nc6 $13) 13. Nf4 Qc3+ 14. Kf2 Qxc5+ (14... d4 15. Qc1 $14) 15. e3 Nc6 (15... d4
$2 16. Rc1 dxe3+ 17. Kg3 $18) 16. Qxd5 Qxd5 (16... Qc2+ 17. Be2 Ne7 18. Qe5 $16
) (16... Qe7 17. Bb5 Bd7 18. Bxc6 Bxc6 19. Qxf5 $16) 17. Nxd5 O-O 18. Bb5 $1
Ne5 (18... Be6 19. Bxc6 bxc6 20. Ne7+ Kh8 21. Rhc1 $16) 19. Rhd1 Rb8 (19... Be6
20. Nc7) 20. Rac1 Be6 21. Ne7+ Kh8 (21... Kf7 22. Rc7 Kf6 23. Nd5+ Bxd5 24.
Rxd5 $16) 22. Rd6 Bb3 23. Rc7 Nf7 (23... Rfd8 24. Rxd8+ Rxd8 25. Rxb7 Rd2+ 26.
Kg3 $16) 24. Rd4 g6 (24... Be6 25. Rh4 g5 26. Ng6+ Kg7 27. Nxf8 gxh4 28. Nxe6+
$18) 25. Rh4 Kg7 26. Rb4 Ba2 (26... Be6 27. Be2 b6 28. Nc6 Rbc8 29. Nd4 $1 Bd5
30. Rxa7 $16) 27. Be2 Kf6 28. Rbxb7 Rxb7 29. Rxb7 Ne5 30. f4 Nf7 (30... Ng4+
31. Bxg4 fxg4 32. Rxa7 Rf7 33. Nc6 $18) 31. Rxa7 Rb8 32. Bf3 Rb2+ 33. Kg3 Nd6
34. Nd5+ Bxd5 35. Bxd5 h5 36. a4 Rd2 37. Ba8 (37. Bf3 g5 $132) 37... Nc4 38.
Ra6+ Kg7 39. Kh4 $1 Kh6 (39... Nxe3 40. Kg5 Nxg2 41. Rxg6+ Kf8 42. a5 $18) 40.
e4 $1 Rxg2 (40... fxe4 41. Bxe4 $18) 41. exf5 Rxh2+ (41... Rg4+ 42. Kh3 Rxf4
43. Rxg6+ Kh7 44. Ra6 $18) 42. Kg3 Ra2 43. Bd5 Ra3+ 44. Kh4 Ne3 45. Be4 Ra2 46.
Rxg6+ Kh7 47. Ra6 Rh2+ 48. Kg5 {Ftacnik,L} 1-0

[Event "Correze m"]
[Site "Correze"]
[Date "1991.??.??"]
[Round "3"]
[White "Shirov, Alexei"]
[Black "Renet, Olivier"]
[Result "1-0"]
[WhiteElo "2615"]
[BlackElo "2470"]
[Annotator "Ftacnik,L"]
[PlyCount "55"]
[EventDate "1991.01.??"]
[EventType "match"]
[EventRounds "6"]
[EventCountry "FRA"]
[SourceTitle "CBM 023"]
[Source "ChessBase"]
[SourceDate "1991.08.01"]
[SourceVersion "1"]
[SourceVersionDate "1991.08.01"]
[SourceQuality "1"]

1. d4 Nf6 2. c4 e6 3. Nc3 Bb4 4. f3 d5 5. a3 Bxc3+ 6. bxc3 c5 7. cxd5 Nxd5 8.
Qd3 cxd4 9. cxd4 Nc6 10. e4 Nb6 11. Be3 O-O 12. Be2 Qh4+ $5 (12... f5 13. Rd1
Kh8 14. Nh3 fxe4 15. Qxe4 Nd5 16. Bg5 Nf6 17. Qd3 Qa5+ 18. Rd2 {
Shirov-Unzicker/Dauvgavpils/1990/} Ne7 19. O-O Ned5 20. Rc2 Bd7 21. Bd2 Qb6 $10
{Shirov}) 13. g3 Qe7 14. f4 f5 15. Nf3 fxe4 16. Qxe4 Nd5 17. Bc4 Kh8 18. O-O
Nf6 19. Qd3 Bd7 20. Rfe1 Qd6 21. Bd2 Rfe8 22. f5 $1 Nd5 (22... exf5 $2 23. Bf4
Qf8 24. Ne5 $1 $18) 23. fxe6 Bxe6 24. Ng5 Bg8 (24... g6 25. Rxe6 $1 Rxe6 26.
Nf7+ $18) 25. Rxe8 Rxe8 26. Qxh7+ $1 Bxh7 27. Nf7+ Kg8 28. Nxd6 {Ftacnik,L} 1-0

[Event "Linares 09th"]
[Site "Linares"]
[Date "1991.??.??"]
[Round "7"]
[White "Timman, Jan H"]
[Black "Karpov, Anatoly"]
[Result "1/2-1/2"]
[WhiteElo "2630"]
[BlackElo "2725"]
[Annotator "Ftacnik,L"]
[PlyCount "117"]
[EventDate "1991.02.??"]
[EventType "tourn"]
[EventRounds "13"]
[EventCountry "ESP"]
[EventCategory "17"]
[SourceTitle "CBM 022"]
[Source "ChessBase"]
[SourceDate "1991.06.01"]
[SourceVersion "1"]
[SourceVersionDate "1991.06.01"]
[SourceQuality "1"]

1. d4 Nf6 2. c4 e6 3. Nc3 Bb4 4. f3 d5 5. a3 Bxc3+ 6. bxc3 c5 7. cxd5 Nxd5 8.
dxc5 Qa5 9. e4 Ne7 10. Be3 O-O 11. Qb3 Qc7 12. Bb5 Nec6 13. Rd1 e5 14. Qa2 $5
Na5 (14... Be6 15. Bc4) 15. Qd5 Bd7 $1 16. Bxd7 Rd8 17. Qd6 Qxd6 $5 (17... Qxd7
$1 $10) 18. Rxd6 Nxd7 19. Kf2 Nc4 20. Rd5 Nf6 21. Rxd8+ Rxd8 22. Ne2 Rc8 $2 (
22... Rd3 23. Rb1 $1 Nxe3 24. c6 $1 $18) (22... Rd7 $5) 23. Rb1 Rc7 (23... Nxe3
24. Kxe3 Rc7 25. c6 $1 b6 26. Rb5 $16) 24. Bg5 Kf8 (24... Nd7 25. Bd8 Rc8 26.
Be7 Rc7 $2 27. Bd6 $1) 25. Rb4 Na5 26. Rb5 Nc4 27. Rb4 Na5 28. Be3 Nd7 29. Nc1
b6 $2 (29... Nc6 30. Rb5 a6) 30. cxb6 axb6 31. Na2 $1 Nc4 32. Ra4 $1 Ke7 33.
Ra8 h5 34. Bc1 b5 35. Nb4 Ncb6 36. Ra6 Rc8 37. Bd2 $5 (37. Be3 Na4 38. Nd5+ Kd8
39. Bd2 $16) 37... Ke8 38. Ke2 f6 39. Ra7 Ra8 $1 40. Rxa8+ Nxa8 41. Be3 Ndb6
42. Kd3 (42. Bxb6 Nxb6 43. Nd5 Nc4 44. Nc7+ Kd7 45. Nxb5 Kc6 46. a4 h4 $14)
42... Nc4 43. Bc1 (43. Nd5 Nxa3 44. Bc5 Nc4 45. Kc2 Na5 46. Kb2 Nc6 47. c4 bxc4
48. Kc3 $14) 43... Nab6 44. Nd5 Nxd5 45. exd5 Nb6 $1 46. c4 (46. Ke4 g6 47. Be3
Nc4 48. Bc5 Nd2+) 46... bxc4+ (46... Nxc4 $2 47. a4 $1 Nd6 48. a5 Kd7 49. Ba3
Nc4 50. Bb4 Kc7 51. a6 Kb6 52. d6 $1 $18) 47. Kc3 Kd7 48. Kb4 Kd6 49. Kb5 Nxd5
50. Kxc4 Kc6 51. a4 Nb6+ 52. Kb4 Nd5+ 53. Kc4 Nb6+ 54. Kb3 Nd5 55. Bd2 Ne7 56.
Be3 Nd5 57. Bd2 Ne7 58. Be3 Nd5 59. Bd2 {Ftacnik,L} 1/2-1/2

[Event "London WFW"]
[Site "London"]
[Date "1991.??.??"]
[Round "?"]
[White "Wells, Peter K"]
[Black "Suba, Mihai"]
[Result "0-1"]
[WhiteElo "2460"]
[BlackElo "2540"]
[Annotator "Ftacnik,L"]
[PlyCount "74"]
[EventDate "1991.05.??"]
[EventType "tourn"]
[EventRounds "13"]
[EventCountry "ENG"]
[EventCategory "11"]
[SourceTitle "CBM 024"]
[Source "ChessBase"]
[SourceDate "1991.10.01"]
[SourceVersion "1"]
[SourceVersionDate "1991.10.01"]
[SourceQuality "1"]

1. d4 Nf6 2. c4 e6 3. Nc3 Bb4 4. f3 d5 5. a3 Bxc3+ 6. bxc3 c5 7. cxd5 exd5 8.
e3 Qc7 9. Ra2 cxd4 $5 {N} (9... Bf5 10. g4 Be6 11. Ne2 Nc6 12. Nf4 h6 (12...
O-O-O 13. g5 Nd7 14. Bd3 Kb8 15. O-O $14 {Shirov,A-Lerner,K/Lvov/1990/ ->CBM 18
}) 13. Bd3 O-O-O 14. O-O g5 15. Nxe6 fxe6 $14 {Georgadze,G-Lerner,K/Lvov/1990/
->CBM 18}) 10. cxd4 Bf5 11. Ne2 (11. g4 Bg6) 11... Nbd7 $1 12. g4 Bg6 13. a4 (
13. h4 Rc8 14. h5 Bc2 15. Qd2 Bb3 16. Rb2 Bc4 $15) 13... O-O 14. h4 Rac8 15.
Ra3 Qd6 (15... Rfe8 16. h5 Bc2 17. Qd2 Nb6 $2 18. Rc3 $18) 16. h5 Bc2 17. Qd2
Ne4 $5 (17... Nb6 18. Ra2 (18. Nc3 Qg3+ 19. Qf2 Qxf2+ 20. Kxf2 Nxa4 21. Nxa4
Bxa4 22. Rxa4 Rxc1 23. Rxa7 Rb1 $13) (18. Rc3 Rxc3 19. Qxc3 Rc8 $17) 18... Bb3
19. Ba3 $13) 18. fxe4 Bxe4 19. Rh3 (19. Rg1 Rc2 20. Qd1 Rfc8 21. Ra1 Qh2 $40)
19... Rc2 20. Qd1 Rfc8 21. Ra1 (21. Rb3 Nf6 $40) 21... Nf6 22. Ba3 (22. Rh4 Bf3
) 22... Qc7 23. Rc1 (23. Rh4 Rxe2+ $1 24. Kxe2 Qg3 25. Rh3 Bf3+ 26. Kd3 (26.
Kd2 Ne4+ 27. Kd3 Rc3#) 26... Ne4 27. Qxf3 Rc3+ 28. Ke2 Rc2+ 29. Kd1 Rd2+ 30.
Kc1 Qe1+ $19) 23... Qa5+ 24. Kf2 Nxg4+ 25. Kg1 Qd8 26. Rxc2 Rxc2 27. Qe1 (27.
Bc1 Qg5 28. Rg3 Qh4 $19) 27... Ra2 28. Qg3 (28. Bc1 Ra1 $40) 28... Qc8 29. Qd6
(29. Rh4 Nh6 30. Bc5 Nf5 31. Qg4 b6 $17) 29... h6 30. Rg3 Qf5 31. Nf4 (31. Qf4
Qxh5 32. Rxg4 Qh1+ 33. Kf2 Rxa3 $40) 31... Kh7 32. Bb4 Rxa4 33. Be1 Ra1 34. Qb4
Nxe3 $1 35. Rxe3 (35. Qf8 Ng4 $19) 35... Qxf4 36. Qc3 Rb1 37. Bg3 $4 (37. Bg2
Bxg2 38. Kxg2 Qg4+ 39. Kf2 Qxh5 40. Qd3+ Qg6 $19) 37... Qxf1+ {Ftacnik,L} 0-1

[Event "OHRA-A"]
[Site "Amsterdam"]
[Date "1990.??.??"]
[Round "6"]
[White "Beliavsky, Alexander G"]
[Black "Portisch, Lajos"]
[Result "1-0"]
[WhiteElo "2605"]
[BlackElo "2590"]
[Annotator "Ftacnik,L"]
[PlyCount "79"]
[EventDate "1990.07.??"]
[EventType "tourn"]
[EventRounds "10"]
[EventCountry "NED"]
[EventCategory "14"]
[SourceTitle "CBM 020"]
[Source "ChessBase"]
[SourceDate "1991.02.01"]
[SourceVersion "1"]
[SourceVersionDate "1991.02.01"]
[SourceQuality "1"]

1. d4 Nf6 2. c4 e6 3. Nc3 Bb4 4. f3 d5 5. a3 Bxc3+ 6. bxc3 c5 7. cxd5 Nxd5 8.
dxc5 f5 9. Nh3 O-O 10. c4 Qh4+ 11. Nf2 Qf6 (11... Nf6 12. e3 Nc6 13. Be2 Rd8
14. Qc2 Nd7 15. O-O Nxc5 16. Bb2 $14 {Ligtering,G-Miralles,G/Cannes tt/1990/
->CBM 18}) 12. Bd2 Nc3 13. Qc1 Na4 14. Bg5 Qf7 15. Nd3 Nd7 16. Qe3 $6 (16. e3
Ndxc5 17. Nxc5 Nxc5 18. Qc3 $10) 16... e5 (16... Re8 $5 {/\ e5, Qf8}) 17. c6
bxc6 18. Nxe5 Nxe5 19. Qxe5 Re8 20. Qa5 Nb6 (20... Qxc4 21. e3 Qc3+ 22. Qxc3
Nxc3 $14) 21. e3 h6 (21... Nxc4 22. Qc3 $6 (22. Bxc4 Qxc4 23. Qb4 $10) 22...
Nxe3 23. Bxe3 f4 24. Bc4 Be6 $17) 22. Bf4 Be6 (22... g5 23. Be5 c5 (23... Nd7
24. Bd4 c5 25. Bxc5 Re5 26. Qd8+) 24. Qxc5 Ba6 $40) 23. Kf2 Bxc4 24. h4 Rad8
25. Rc1 Bxf1 26. Rhxf1 Nd5 $6 27. Rxc6 Qh5 (27... Nxe3 28. Bxe3 Qa2+ 29. Kg1
Rxe3 30. Qxf5) 28. Rh1 Rd7 (28... Nxf4 29. exf4 $14) 29. Qa4 Red8 30. Qc4 Kh7
31. Be5 Nb6 32. Qc1 Rd2+ 33. Kg3 Qf7 34. h5 Qe7 35. Bf4 R2d7 36. Qc2 Qf7 37. e4
fxe4 38. Qxe4+ Kh8 39. Be5 Kg8 40. Rg6 {Time; Ftacnik,L} 1-0

[Event "HUN-ch 56th"]
[Site "Szekesfehervar"]
[Date "2006.03.05"]
[Round "5"]
[White "Berkes, Ferenc"]
[Black "Horvath, Adam"]
[Result "1/2-1/2"]
[WhiteElo "2597"]
[BlackElo "2532"]
[Annotator "Gavrikov,V"]
[PlyCount "142"]
[EventDate "2006.03.01"]
[EventType "tourn"]
[EventRounds "9"]
[EventCountry "HUN"]
[EventCategory "13"]
[SourceTitle "CBM 112"]
[Source "ChessBase"]
[SourceDate "2006.06.07"]
[SourceVersion "1"]
[SourceVersionDate "2006.06.07"]
[SourceQuality "1"]

1. d4 Nf6 2. c4 e6 3. Nc3 Bb4 4. f3 d5 5. a3 Bxc3+ 6. bxc3 c5 7. cxd5 Nxd5 8.
dxc5 Qa5 9. e4 Nf6 {This reply allows Black to attack c5-pawn by Nfd7.} 10. Be3
O-O 11. Qb3 Nfd7 12. a4 Qc7 13. Qa3 Na6 $5 ({An interesting alternative to the
mostly played} 13... b6 {after which is possible:} 14. a5 $5 (14. cxb6 axb6 15.
Nh3 Ba6 16. Bxa6 Nxa6 17. O-O Nac5 18. Qb4 Ra5 $11 {1/2-1/2 Paramos Dominguez,
R-Campos Moreno,J/Pontevedra 1992/TD (60)}) 14... bxc5 15. a6 $5 ({if} 15. Nh3
{then} Ba6 16. Bxa6 Nxa6 17. Qa4 c4 $5 18. O-O (18. Qb5 $6 Nac5 19. Bxc5 (19.
Qxc4 $6 Ne5) 19... Qxc5 $1 20. Qxd7 $140 $4 Rfd8 21. Qa4 Rab8 $1 {with
decisive threats,e.g.} 22. Nf4 Rb2 23. Ne2 Qe3 24. Qxc4 h6 25. Rf1 (25. Kf1 Rd3
26. Re1 Rxe2 $1) 25... Rdd2 26. Rf2 Rxe2+ $1 27. Rxe2 Qg1#) 18... Rab8 $11 {
0-1 Cebalo,M-Zelcic,R/Sibenik 2005/CBM 108 ext (49)}) 15... c4 (15... f5 $142
$5 $146 16. exf5 (16. Nh3 fxe4 17. f4 c4 $5 18. Qe7 Nc6 19. Qxe6+ Kh8 20. Qxc4
Nb6 $44) 16... Qe5 17. Kf2 Qxf5 $13) 16. Qa5 $1 Qxa5 17. Rxa5 {1-0 Berkes,
F-Almasi,Z/Budapest 2004/CBM 103 (76)} Bxa6 $140 18. Ne2 Rc8 19. Ng3 $44 {
[%cal Gf1e2,Ge1f2,Gh1a1]}) 14. c6 $146 {White gives back the pawn but wins
time for complete his development. However Black has a pleasant position
because of better pawn structure.} ({For the evaluation of this line critical
is the continuation} 14. Bxa6 bxa6 15. Ne2 Ne5 16. O-O Nc4 17. Qc1 e5 18. f4 {
1-0 Moskalenko,V-Lawson,D/St Martin 1991/EXT 2000 (44)} f6 {and it seems to me
that Black has sufficient compensation for the pawn.}) 14... Qxc6 15. Ne2 e5
16. Ng3 Ndc5 ({Perhaps it was worth to play} 16... Nb6 $5 17. Bb5 Qc7 18. Bxa6
bxa6 19. Qc5 Qxc5 20. Bxc5 Rd8 $11) 17. Bb5 Qc7 18. O-O Be6 {[%cal Gc5b3]} 19.
Nf5 ({Better looks} 19. Rab1 $5 {preventing Nb3.}) 19... Nb3 $1 {Vacating
c5-square for Na6.} 20. Rab1 Nac5 {[%cal Ga7a6]} 21. Nd4 $2 {A wrong tactical
operation.} ({Correct was} 21. Rfd1 a6 22. Bf1 $13) 21... exd4 22. cxd4 a6 23.
Be2 Nxe4 $1 {Refutes White´s idea.} 24. fxe4 Qc3 $1 $17 {[%csl Ra3,Re2,Re3]
[%cal Gb3d4] Exploiting the hanging position of Qa3.} 25. Bd1 {Probably the
best practical chance.} (25. Kf2 Nd2 $1 26. Qxc3 Nxe4+ 27. Ke1 Nxc3 $17) (25.
Rf3 Nxd4 $1 26. Bxd4 Qxd4+ $17) 25... Qxe3+ 26. Kh1 Qxd4 27. Bxb3 Qxe4 28. Bxe6
Qxe6 (28... fxe6 $143 29. Rfe1) 29. Rxb7 {In view of reduced material Black
has serious difficulties to realize his extra pawn.} Rae8 30. h3 Qc4 31. Rc1
Qf4 32. Rb4 Qf2 (32... Re4 $5 33. Rxe4 Qxe4 34. a5 Qe6 35. Rb1 Rd8 $17) 33. Qc3
(33. Qa1 $5) 33... Re3 34. Qc4 Rfe8 35. Rbb1 Re2 36. Rg1 R2e6 37. Rgf1 Qg3 $2 (
{Necessary was to prevent Rb7 by} 37... Qa7 38. Qd5 Rb8 $17) 38. Rb7 Qg6 39.
Rbxf7 {transposing to the drawn position.} Qxf7 40. Rxf7 Kxf7 41. Kh2 R8e7 42.
h4 h6 43. Kh3 Kf8 44. a5 Kg8 45. g3 Kh8 46. Qd3 Re8 47. Qd7 Re5 48. g4 $5 {
Planning g4-g5.} Re3+ 49. Kg2 Rb8 50. Qd2 $6 ({Simpler was} 50. Qd6 $1 Rb2+ 51.
Kf1 $11) 50... Reb3 51. Qd5 Rc3 52. Qd2 Rcb3 53. Qd5 Ra3 54. Qd2 Rbb3 (54...
Ra4 $5) 55. Qe2 {[%cal Ge2a6,Ge2e8]} Rb8 56. g5 $1 {Makes black king more
vulnerable for possible checks.} hxg5 57. hxg5 Rxa5 58. Qe3 {[%cal Ge3h3,Gh3e6]
} Ra2+ 59. Kg3 Rab2 60. Qe1 {[%cal Ge1h1,Gh1d5]} R2b3+ 61. Kg4 R3b4+ 62. Kg3
Rb1 63. Qe6 R1b3+ 64. Kg4 a5 65. Qc6 {[%cal Gc6h1]} R3b4+ 66. Kg3 Rb3+ 67. Kg4
Rb1 68. g6 R1b4+ 69. Kg3 Rb3+ 70. Kg4 R3b4+ 71. Kg3 Rb3+ 1/2-1/2